SAKÜDER Cumhuriyet'in kuruluşunun 90.yılında 3. Uluslararası sanat buluşması resim sergisi kataloğu (Record no. 1367)
[ view plain ]
| 000 -BAŞLIK | |
|---|---|
| Sabit Uzunlukta Kontrol Alanı | 00899na a2200265 4500 |
| 001 - KONTROL NUMARASI | |
| Denetim Alanı | 17171 |
| 003 - KONTROL NUMARASI IDENTIFIER | |
| Denetim Alanı | MIRAKIL |
| 005 - SON İŞLEM TARİHİ VE ZAMANI | |
| Denetim Alanı | 20181213154821.0 |
| 008 - SABİT-BOY VERİ ELEMANLARI - GENEL BİLGİLER | |
| Sabit Uzunlukta Kontrol Alanı | 161023b tu 000 0 |
| 020 ## - ULUSLARARASI STANDART KİTAP NUMARASI | |
| Uluslararası Standart Kitap Numarası | 978975002292 |
| 040 ## - KATALOGLAMA KAYNAK | |
| Orijinal Kataloglama Ajansı | Milas |
| Kataloglama Dili | tur |
| Metne Dönüştürmek Ajansı | TR-AnCHP |
| 041 ## - DİL KODU | |
| Metin / Ses Parça Veya Ayrı Başlığın Dil Kodu | tur |
| 082 ## - DEWEY ONLU SINIFLANDIRMA NUMARASI | |
| Sınıflandırma Numarası | 750.74 |
| Ürün Numarası | Ş24 2013 |
| 090 ## - SINIFLAMA NUMARASI | |
| Sınıflama Numarası | 750.74 Ş24 2013 |
| 245 ## - BAŞLIK TABLOSU | |
| Başlık | SAKÜDER Cumhuriyet'in kuruluşunun 90.yılında 3. Uluslararası sanat buluşması resim sergisi kataloğu |
| Sorumluluk Tablosu, Vb | Editör Nur Gökbulut |
| 246 ## - UNVAN FORM VARYING | |
| Başlık Doğru / Kısa Başlığı | SAKÜDER resim sergisi kataloğu |
| 260 ## - YAYIN, DAĞITIM, VB | |
| Yayın, Dağıtım, Vb Yeri | Ankara |
| Yayıncı, Dağıtıcı, Vs Adı | SAKÜDER Kültür Yayınları |
| Yayın, Dağıtım, Vb Tarihi | 2013 |
| 300 ## - FİZİKSEL TANIM | |
| Kapsam | 175 s. |
| Diğer Fiziksel Ayrıntıları | rnkl. res. ; fotg. |
| Boyutlar | 30 sm. |
| 440 ## - SERİSİ TABLOSU / KATMA GİRİŞİ - BAŞLIK | |
| Başlık | Resim Kataloğu |
| Hacim / Ardışık Tanımı | 5 |
| 490 ## - SERİSİ TABLOSU | |
| Seri Beyanı | Saküder Kültür Yayınları |
| Hacim / Ardışık Tanımı | 11 |
| 500 ## - GENEL NOT | |
| Genel Not | Yapıt SAKÜDER yön. kur. baş. Ali Eser tarafından imzalıdır. |
| 650 ## - KONU KATMA GİRİŞ - TOPİKAL DÖNEM | |
| Topikal Süreli Veya Coğrafi Ad Giriş Elemanı | Resim |
| Genel Alt Bölümü | Sergiler |
| Coğrafi Alt Bölümü | Türkiye |
| 700 ## - KATMA GİRİŞ - KİŞİSEL İSİM | |
| Kişisel Ad | Gökbulut, Nur |
| 942 ## - EKLENDİ GİRİŞ ELEMANLARI (KOHA) | |
| Sınıflandırma Veya Raf Düzeni Kaynak | |
| Koha Öğesi Türü | Books |
| 999 ## - SİSTEM KONTROL NUMARALARI (KOHA) | |
| Koha Biblionumber | 1367 |
| Koha Biblioitemnumber | 1367 |
| Kalıcı Konum | Mevcut Konum | Edinme Tarihi | Edinim Kaynak | Toplam Check-Out'Lar | Tam Çağrı Numarası | Barkod | Tarih Son Görülme | İtibaren Geçerli Fiyatlar | Koha Öğesi Türü |
|---|---|---|---|---|---|---|---|---|---|
| CHP Kütüphanesi | CHP Kütüphanesi | 10/23/2016 | Bağış | 750.74 Ş24 2013 | 007568 | 10/23/2016 | 10/23/2016 | Books |
